01636nam a2200277Ia 450000500170000000800410001702000150005804000180007304100080009108200200009910000350011924500420015425000120019626000570020830000250026565000460029065000610033665000430039794200290044099900190046995201740048895201740066295201740083695201740101095201740118420220915102958.0210716s2004 xx 000 0 und d a8120309499 cAIMIT LIBRARY aeng a575.1 23bSTRM aStrickberger, Monroe W.957552 aGenetics /cBy Monroe W Strickberger. a3rd ed. aNew Delhi :bPrentice Hall of India PVt Ltd ,c2004. axxi, 842p. ;c25 cm. aIdentification of genetic material957553 aTransmission and distribution of genetic material957554 aArrangement of genetic material957555 2ddccBKe3rdk575.1 STRM c187284d187284 00102ddc40708MCAaAIMITbAIMITeHigginbothams Pvt Ltdg450.00iBill no:6750; Bill dt:2005-09-05l0o575.1 STRMpMCA06792r2025-07-21 00:00:00v360.00w2021-07-16yBK 00102ddc40708MCAaAIMITbAIMITeHigginbothams Pvt Ltdg450.00iBill no:6751; Bill dt:2005-09-10l0o575.1 STRMpMCA06856r2025-07-21 00:00:00v360.00w2021-07-16yBK 00102ddc40708MCAaAIMITbAIMITeHigginbothams Pvt Ltdg450.00iBill no:6751; Bill dt:2005-09-10l0o575.1 STRMpMCA06857r2025-07-21 00:00:00v360.00w2021-07-16yBK 00102ddc40708MCAaAIMITbAIMITeHigginbothams Pvt Ltdg450.00iBill no:6751; Bill dt:2005-09-10l0o575.1 STRMpMCA06858r2025-07-21 00:00:00v360.00w2021-07-16yBK 00102ddc40708MCAaAIMITbAIMITeHigginbothams Pvt Ltdg450.00iBill no:6751; Bill dt:2005-09-10l0o575.1 STRMpMCA06859r2025-07-21 00:00:00v360.00w2021-07-16yBK